00518 2200205 4500001002100000005001500021035002000036245005000056100002200106250000600128300003100134260003100165082001000196084001600206020001800222650002100240990001700261990001700278990001700295INLIS00000000000064920190123034619 a0010-01190001051 aUpaya Melestarikan Penyu /cNoverta EBT, S.Pd0 aNoverta EBT, S.Pd a- a88 hlm. :bilus. ;c21 cm. aSurabaya :bKarunia,c2009 a639.9 a639.9 NOV u a979-9039-10-X aKonservasi Hewan a02414/H/2018 a02415/H/2018 a02416/H/2018